[Event "Avoine op 34th"]
[Site "Avoine"]
[Date "2019.07.20"]
[Round "2"]
[White "Frick, Christoph"]
[Black "Marazanof, Jean Francois"]
[Result "1/2-1/2"]
[WhiteElo "2134"]
[BlackElo "1924"]
[PlyCount "102"]
[EventDate "2019.07.20"]
[EventType "swiss"]
[EventRounds "9"]
[EventCountry "FRA"]
[SourceTitle "EXT 2020"]
[Source "ChessBase"]
[SourceDate "2019.10.17"]
[SourceVersion "1"]
[SourceVersionDate "2019.10.17"]
[SourceQuality "1"]

1. d4 d6 2. e4 Nf6 3. Nc3 g6 4. Nf3 Bg7 5. h3 a6 6. Be3 b5 7. a3 0-0 8. Qd2 Bb7 9. Bd3 Nbd7 10. 0-0 c5 11. d5 e6 12. dxe6 fxe6 13. Rfe1 Qc7 14. Bh6 Rae8 15. Bxg7 Kxg7 16. Rad1 d5 17. exd5 exd5 18. Rxe8 Rxe8 19. Re1 Rxe1+ 20. Qxe1 Qd6 21. Bxb5 d4 22. Ng5 Qe5 23. Qxe5 Nxe5 24. Na4 axb5 25. Nxc5 Bd5 26. Nge6+ Kf7 27. Nxd4 Nc4 28. Nd3 Be4 29. Nxb5 Bxd3 30. cxd3 Nxb2 31. d4 Ke6 32. Nc3 Nd5 33. Ne4 h6 34. g3 Nc7 35. Nc3 Nd5 36. Ne2 g5 37. Kg2 Nc7 38. Kf3 Nb5 39. Kg4 Nxa3 40. Kh5 Nd3 41. f3 Nf2 42. h4 gxh4 43. gxh4 Kf6 44. Kxh6 Nh3 45. Nc3 Nc2 46. Ne4+ Kf5 47. d5 Nd4 48. Ng5 Ng1 49. d6 Ngxf3 50. Nxf3 Nxf3 51. d7 Ne5 1/2-1/2

[Event "Salon de Provence op 9th"]
[Site "Salon de Provence"]
[Date "2017.07.07"]
[Round "1"]
[White "Marazanof, Jean Francois"]
[Black "Jackson, Edgar"]
[Result "1-0"]
[WhiteElo "2002"]
[BlackElo "1703"]
[PlyCount "71"]
[EventDate "2017.07.07"]
[EventType "swiss"]
[EventRounds "7"]
[EventCountry "FRA"]
[SourceTitle "EXT 2020"]
[Source "ChessBase"]
[SourceDate "2019.10.17"]
[SourceVersion "1"]
[SourceVersionDate "2019.10.17"]
[SourceQuality "1"]

1. e4 c5 2. Nf3 e6 3. d4 cxd4 4. Nxd4 Nc6 5. Nc3 Qc7 6. g3 a6 7. Bg2 Nf6 8. 0-0 Be7 9. Nb3 d6 10. f4 h5 11. h3 Qb6+ 12. Kh1 Ng4 13. Qe2 Bf6 14. Bf3 Bxc3 15. bxc3 e5 16. f5 Nf6 17. Ba3 Ke7 18. c4 Nd7 19. Rad1 Rh6 20. Bc1 Rh8 21. Be3 Qb4 22. a3 Qxa3 23. Ra1 Qb4 24. Rab1 Qc3 25. Rbd1 Nb4 26. Bd2 Qxc2 27. Bxb4 Qxb3 28. Rb1 Nc5 29. Rxb3 Nxb3 30. Qd3 Nd4 31. c5 Bd7 32. cxd6+ Kf6 33. Bd2 Bb5 34. Qe3 Nxf3 35. Qxf3 Rac8 36. h4 1-0

[Event "Espalion op 1st"]
[Site "Espalion"]
[Date "2016.07.11"]
[Round "4"]
[White "Marazanof, Jean Francois"]
[Black "Verat Fayolle, Celian"]
[Result "1-0"]
[WhiteElo "1910"]
[BlackElo "1680"]
[PlyCount "45"]
[EventDate "2016.07.09"]
[EventType "swiss"]
[EventRounds "9"]
[EventCountry "FRA"]
[SourceTitle "CBM 173 Extra"]
[Source "ChessBase"]
[SourceDate "2016.08.29"]
[SourceVersion "1"]
[SourceVersionDate "2016.08.29"]
[SourceQuality "1"]

1. e4 e5 2. Nf3 Nf6 3. Nxe5 d6 4. Nc4 Nxe4 5. d4 Be7 6. Bd3 Nf6 7. 0-0 0-0 8. Nbd2 Nc6 9. c3 Bg4 10. Nf3 h6 11. Ne3 Bh5 12. Nf5 Qd7 13. Ng3 Bg4 14. h3 Be6 15. Be3 d5 16. Qd2 Bd6 17. Bxh6 Bxg3 18. Bxg7 Kxg7 19. Qg5+ Kh8 20. Qxf6+ Kg8 21. Qg5+ Kh8 22. Qh6+ Kg8 23. Qh7# 1-0

[Event "St Chely d'Aubrac op 9th"]
[Site "St Chely d'Aubrac"]
[Date "2009.07.13"]
[Round "4"]
[White "Messinger, Karl"]
[Black "Marazanof, Jean Francois"]
[Result "1/2-1/2"]
[WhiteElo "1692"]
[BlackElo "1999"]
[PlyCount "59"]
[EventDate "2009.07.11"]
[EventType "swiss"]
[EventRounds "9"]
[EventCountry "FRA"]
[SourceTitle "EXT 2010"]
[Source "ChessBase"]
[SourceDate "2010.11.25"]
[SourceVersion "1"]
[SourceVersionDate "2010.11.25"]
[SourceQuality "1"]

1. e4 c5 2. Nf3 d6 3. Bb5+ Nc6 4. c3 Bd7 5. 0-0 Nf6 6. Qe2 Qb6 7. Bxc6 Bxc6 8. d3 e6 9. Nbd2 Be7 10. Rd1 0-0 11. b3 Qc7 12. Nf1 b5 13. Ng3 Qb7 14. Bb2 c4 15. Re1 cxd3 16. Qxd3 Rac8 17. Rad1 Rfd8 18. h3 Nd7 19. Ba3 Ne5 20. Qe3 Nxf3+ 21. Qxf3 Qa6 22. Bb4 Qb6 23. Qe3 Qxe3 24. Rxe3 Kf8 25. Red3 Bb7 26. f3 d5 27. Bxe7+ Kxe7 28. e5 Rc5 29. Ne2 Rdc8 30. Kf2 1/2-1/2

[Event "St Chely d'Aubrac op 9th"]
[Site "St Chely d'Aubrac"]
[Date "2009.07.11"]
[Round "1"]
[White "Marazanof, Jean Francois"]
[Black "Caparros, Nina"]
[Result "1-0"]
[WhiteElo "1999"]
[BlackElo "1500"]
[PlyCount "65"]
[EventDate "2009.07.11"]
[EventType "swiss"]
[EventRounds "9"]
[EventCountry "FRA"]
[SourceTitle "EXT 2010"]
[Source "ChessBase"]
[SourceDate "2010.11.25"]
[SourceVersion "1"]
[SourceVersionDate "2010.11.25"]
[SourceQuality "1"]

1. e4 c5 2. Nf3 Nc6 3. d4 cxd4 4. Nxd4 d6 5. Nc3 Nf6 6. Be2 g6 7. Nb3 Bg7 8. Bg5 0-0 9. 0-0 Ne5 10. Qe1 Qc7 11. f4 Neg4 12. Qg3 Qb6+ 13. Kh1 Ne3 14. Rf3 Nxc2 15. Bxf6 Nxa1 16. Nd5 Qd8 17. Nxe7+ Kh8 18. Nxg6+ fxg6 19. Bxd8 Nxb3 20. Rxb3 Be6 21. Be7 Rac8 22. Rc3 Bxc3 23. bxc3 Rfe8 24. Bxd6 Bxa2 25. Be5+ Kg8 26. h4 Rcd8 27. h5 Kf7 28. hxg6+ hxg6 29. Qg5 Rg8 30. Qf6+ Ke8 31. Bb5+ Rd7 32. Bd6 Rgg7 33. Qf8# 1-0